[Event "Lusaka zt 4.5"]
[White "Chimyama, Greenwell"]
[Black "Beukes, Dante M"]
[Site "Lusaka"]
[Round "9"]
[Result "0-1"]
[Date "2024.08.16"]
[WhiteElo "2032"]
[BlackElo "2235"]
[PlyCount "104"]
[EventDate "2024.08.12"]
[EventType "swiss"]
[EventRounds "9"]
[EventCountry "ZAM"]
[SourceTitle "CBM 221 Extra"]
[Source "ChessBase"]
[SourceDate "2024.09.30"]
[SourceVersion "1"]
[SourceVersionDate "2024.09.30"]
[SourceQuality "1"]

1. e4 c5 2. c3 Nf6 3. e5 Nd5 4. Nf3 Nc6 5. Bc4 Nb6 6. Bb3 c4 7. Bc2 d6 8. exd6 e5 9. d4 cxd3 10. Qxd3 Bxd6 11. 0-0 Be6 12. b3 Be7 13. Ba3 Bxa3 14. Nxa3 Qe7 15. Nb1 Rd8 16. Qe2 f6 17. Be4 0-0 18. Qc2 Kh8 19. Nbd2 Nd5 20. Nh4 Bg8 21. Rfe1 Qc5 22. Nb1 Nde7 23. Nd2 Nb4 24. Qc1 Nd3 25. Bxd3 Rxd3 26. Ne4 Qc7 27. c4 f5 28. Nc3 a6 29. Re3 Rd7 30. g3 Nc6 31. Qe1 Nd4 32. Rc1 e4 33. Ne2 Ne6 34. Ng2 Rfd8 35. Rec3 Qc5 36. Nef4 Nd4 37. Kh1 Nf3 38. Qf1 g5 39. Nd5 Bxd5 40. cxd5 Qxd5 41. Ne3 Qf7 42. Kg2 f4 43. Nc4 Qh5 44. h3 fxg3 45. Kxg3 Qh4+ 46. Kg2 Qf4 47. Qh1 Nh4+ 48. Kf1 Rd1+ 49. Rxd1 Rxd1+ 50. Ke2 Rxh1 51. Nd2 Rxh3 52. Rc8+ Kg7 0-1

[Event "Lusaka zt 4.5"]
[White "Sakala, Ronald"]
[Black "Chimyama, Greenwell"]
[Site "Lusaka"]
[Round "8"]
[Result "0-1"]
[Date "2024.08.16"]
[WhiteElo "1979"]
[BlackElo "2032"]
[PlyCount "51"]
[EventDate "2024.08.12"]
[EventType "swiss"]
[EventRounds "9"]
[EventCountry "ZAM"]
[SourceTitle "CBM 221 Extra"]
[Source "ChessBase"]
[SourceDate "2024.09.30"]
[SourceVersion "1"]
[SourceVersionDate "2024.09.30"]
[SourceQuality "1"]

1. e4 e5 2. Nf3 Nc6 3. Bc4 Bc5 4. c3 Nf6 5. d4 exd4 6. cxd4 Bb4+ 7. Nc3 Nxe4 8. 0-0 Bxc3 9. bxc3 d5 10. Bd3 0-0 11. Qc2 Re8 12. h3 Bf5 13. Bf4 Bg6 14. Rab1 b6 15. Rfe1 Nd6 16. Ne5 Nxe5 17. Rxe5 Rxe5 18. Bxe5 Bxd3 19. Qxd3 f6 20. Bf4 Qd7 21. Bxd6 Qxd6 22. c4 Rd8 23. a4 c5 24. a5 Qc6 25. cxd5 Qxd5 26. Kf1 0-1